01234nam a2200313Ia 450000500170000000800390001702000150005604100080007110000300007924500670010925000220017626400380019830000260023633600270026233700330028933800280032249000240035050400270037452002130040160000590061465000400067365000300071365000320074365000320077565000320080770000350083904000350087408400110090920220316235250.0121119s1999 ck d gr 000 p spa a84376030640 aspa1 aCernuda, Luis,d1902-196310aAntologíacLuis Cernuda ; edición de José María Capote aPrimera edición aMadridbEdiciones Cátedrac1999 a384 páginasc18 cm. atextobtxt2rdacontent asin mediaciónbn2rdamedia avolumenbnc2rdacarrier0 aLetras hispánicas aIncluye bibliografía2 aEsta antología contiene una selección poemas de la realidad y el deseo, obra que engloba la totalidad de sus libros de poesía, y de los libros de prosa poética: ocnos y variaciones sobre tema mexicano14aCernuda, Luisd1902-1963xCrítica e interpretación14aPoesía españolaySiglo XX2LEMB142LEMBaAutores españoles142LEMBaLiteratura española142LEMBaLiteratura de adultos142LEMBaPoesíavColecciones1 aCapote, José Maríaeeditor aCO-BoRNBPbspaerdacCO-BoRNBP aP CER5